000 00486nam a22001577a 4500
008 131127b xxu||||| |||| 00| 0 eng d
020 _a9688103659
041 _aeng
080 _a343
_x(094.9)
245 0 0 _aLimits to national jurisdiction :
260 _aMexico :
_bSecretaria de relaciones exteriores ;
_c1992.
300 _a249 f. :
_c22 cm.
650 0 _aE drejta penale
650 0 _aLegjislacioni
942 _2udc
_cBK
999 _c364
_d364